[Event "ONJK 2018 FGH 2"]
[Site "Borne, Netherlands"]
[Date "2018.08.10"]
[Round "3.5"]
[White "Fallaux, Storm"]
[Black "Verwer, Oscar"]
[Result "1-0"]
[WhiteElo "902"]
[BlackElo "904"]
[PlyCount "153"]
[EventDate "2018.??.??"]

1. e4 e5 2. Nf3 Nc6 3. Bc4 Nf6 4. Ng5 d5 5. exd5 Na5 6. Bb5+ c6 7. dxc6 bxc6 8.
Ba4 Bc5 9. a3 Qb6 10. O-O Bd6 11. Nc3 O-O 12. Qf3 Bb7 13. Qe3 c5 14. Nce4 Nxe4
15. Nxe4 Bxe4 16. Qxe4 Rad8 17. b3 Rc8 18. d3 Nc6 19. Qg4 g6 20. h4 Rfd8 21. h5
Kf8 22. Bh6+ Ke8 23. Bg5 Be7 24. Bxe7 Kxe7 25. Qg5+ f6 26. Qg4 Kf7 27. b4 cxb4
28. axb4 Nxb4 29. Bb3+ Kg7 30. hxg6 hxg6 31. Rac1 Rh8 32. Qd7+ Kh6 33. g3 Nc6
34. Kg2 Nd4 35. Rh1+ Kg5 36. Rcf1 Ne2 37. Ba4 Rcg8 38. c4 Rxh1 39. Rxh1 Rb8 40.
Bd1 Qb7+ 41. Qxb7 Rxb7 42. Bxe2 a5 43. Ra1 Ra7 44. Bd1 Kf5 45. Kf3 g5 46. g4+
Ke6 47. Ke4 Kd6 48. Kf5 Ke7 49. f3 Kf7 50. Bb3 Ke7 51. c5 Ra6 52. Bc4 Ra7 53.
Ra2 a4 54. Ra3 Ra5 55. c6 Ra7 56. c7 Rxc7 57. Rxa4 Rd7 58. Ra6 Rd4 59. Re6+ Kf7
60. Rd6+ Ke7 61. Rxd4 exd4 62. Ke4 Kd7 63. Kxd4 Kd6 64. Ke4 Ke7 65. Kf5 Kd6 66.
Kxf6 Kc5 67. Kxg5 Kd6 68. Kf6 Kc5 69. g5 Kd6 70. g6 Kd7 71. g7 Kd6 72. g8=Q Kc5
73. Qd5+ Kb6 74. Ke6 Kc7 75. Qd6+ Kb7 76. Kd5 Kc8 77. Ba6# 1-0

[Event "ONJK 2018 FGH 2"]
[Site "Borne, Netherlands"]
[Date "2018.08.10"]
[Round "3.6"]
[White "Westerhof, Fleur"]
[Black "De Keukelaere, Ruben"]
[Result "1-0"]
[WhiteElo "455"]
[BlackElo "550"]
[PlyCount "69"]
[EventDate "2018.??.??"]

1. e4 e5 2. Nf3 Nc6 3. Bc4 Nf6 4. d3 Bc5 5. Nc3 d6 6. Bg5 h6 7. Be3 Bb6 8. O-O
Be6 9. Bb5 a6 10. Ba4 Bxe3 11. fxe3 b5 12. Bb3 O-O 13. d4 Qe7 14. d5 b4 15. Na4
Bg4 16. dxc6 Bxf3 17. Qxf3 Rad8 18. c3 Qe8 19. Bd5 Rb8 20. c4 Nxd5 21. exd5 e4
22. Qf4 Qe7 23. Rac1 a5 24. c5 Rb5 25. cxd6 cxd6 26. Rcd1 b3 27. Nc3 Rb4 28.
axb3 Rxb3 29. Rd2 Rb4 30. c7 Rb3 31. Nxe4 Rb4 32. Nxd6 Qxc7 33. Qe5 Rd8 34.
Rxf7 Qxd6 35. Qxg7# 1-0

[Event "ONJK 2018 FGH 2"]
[Site "Borne, Netherlands"]
[Date "2018.08.10"]
[Round "4.5"]
[White "Hesse, Frederik"]
[Black "Chardon, Kayen"]
[Result "1/2-1/2"]
[WhiteElo "779"]
[BlackElo "524"]
[PlyCount "66"]
[EventDate "2018.??.??"]

1. e4 e5 2. Nf3 Nc6 3. Nc3 Bc5 4. Bc4 Nf6 5. d3 h6 6. b3 d6 7. Bb2 Ng4 8. O-O
Nxf2 9. Rxf2 Bxf2+ 10. Kxf2 Bg4 11. h3 Bxf3 12. Qxf3 Qf6 13. Qxf6 gxf6 14. Nd5
O-O-O 15. Nxf6 h5 16. Nd5 Nd4 17. c3 Nc2 18. Rc1 c6 19. Ne7+ Kd7 20. Nf5 b5 21.
Bxf7 Rdf8 22. Bg6 Rf6 23. Bxh5 Rxh5 24. Rxc2 d5 25. g4 Rxh3 26. Kg2 Rh8 27.
exd5 cxd5 28. c4 Rg8 29. Kf3 e4+ 30. dxe4 dxe4+ 31. Kxe4 Rxg4+ 32. Kf3 Rfg6 33.
Rd2+ Ke6 1/2-1/2

[Event "ONJK 2018 FGH 2"]
[Site "Borne, Netherlands"]
[Date "2018.08.10"]
[Round "4.6"]
[White "Bakker, Tim"]
[Black "Huang, Luna"]
[Result "0-1"]
[WhiteElo "490"]
[BlackElo "704"]
[PlyCount "67"]
[EventDate "2018.??.??"]

1. e4 e5 2. Bc4 Nf6 3. Qf3 Nc6 4. Nc3 d6 5. Nd5 Be7 6. Nxf6+ Bxf6 7. Qh5 g6 8.
Qf3 Nd4 9. Qd3 c6 10. c3 Ne6 11. Qf3 b5 12. Be2 Ng5 13. Qe3 d5 14. Nf3 Nxe4 15.
h3 Bh4 16. Nxh4 Qxh4 17. g3 Qf6 18. O-O h5 19. d3 Nd6 20. Qg5 Qxg5 21. Bxg5
Bxh3 22. Rfe1 d4 23. cxd4 h4 24. Kh2 hxg3+ 25. Kxg3 Nf5+ 26. Kh2 Nxd4 27. Rac1
Bg4+ 28. Kg3 Bxe2 29. b3 f5 30. a4 bxa4 31. bxa4 a5 32. f4 c5 33. Kf2 c4 34.
Ke3 0-1

[Event "ONJK 2018 FGH 2"]
[Site "Borne, Netherlands"]
[Date "2018.08.10"]
[Round "5.2"]
[White "Huang, Luna"]
[Black "Westerhof, Fleur"]
[Result "1-0"]
[WhiteElo "704"]
[BlackElo "455"]
[PlyCount "75"]
[EventDate "2018.??.??"]

1. e4 e5 2. Nf3 Nc6 3. Bc4 Nf6 4. d3 Bc5 5. c3 d6 6. h3 O-O 7. Bg5 Be6 8. Nbd2
Bxc4 9. Nxc4 h6 10. Bh4 b6 11. b4 b5 12. Ne3 Bb6 13. Nd5 g5 14. Nxg5 hxg5 15.
Bxg5 Kg7 16. Bxf6+ Qxf6 17. Nxf6 Kxf6 18. Qf3+ Ke7 19. a4 bxa4 20. Rxa4 Rab8
21. b5 Na5 22. O-O c6 23. bxc6 Nxc6 24. Rc4 Na5 25. Ra4 Rfc8 26. Rc1 Nb3 27.
Rc2 Nc5 28. Rc4 Na6 29. Rxc8 Rxc8 30. c4 Nb4 31. Rb2 Nc6 32. g4 Rb8 33. g5 Rg8
34. h4 Nd4 35. Qf6+ Kd7 36. Qxf7+ Kc6 37. Qxg8 Kc5 38. Qd5# 1-0

[Event "ONJK 2018 FGH 2"]
[Site "Borne, Netherlands"]
[Date "2018.08.10"]
[Round "6.6"]
[White "Westerhof, Fleur"]
[Black "Vijver, Jonathan"]
[Result "1-0"]
[WhiteElo "455"]
[BlackElo "738"]
[PlyCount "43"]
[EventDate "2018.??.??"]

1. e4 e5 2. Nf3 Nc6 3. Bc4 Nf6 4. d3 Bc5 5. Nxe5 Nxe5 6. d4 Nxc4 7. dxc5 Nxe4
8. Qe2 Qe7 9. Qxc4 Nd6+ 10. Qe2 Qxe2+ 11. Kxe2 Nf5 12. Kf1 O-O 13. g3 b5 14.
cxb6 Bb7 15. Rg1 axb6 16. Bf4 Bd5 17. Nc3 Bc4+ 18. Kg2 c5 19. Rge1 Rfe8 20. Kg1
Bxa2 21. Nxa2 Rxa2 22. Rxe8# 1-0

[Event "ONJK 2018 FGH 2"]
[Site "Borne, Netherlands"]
[Date "2018.08.11"]
[Round "7.6"]
[White "Katpatal, Nirbhay Alias Ak"]
[Black "Strauch, Julian"]
[Result "0-1"]
[WhiteElo "570"]
[BlackElo "953"]
[PlyCount "106"]
[EventDate "2018.??.??"]

1. e4 e5 2. Nf3 Nc6 3. Bc4 Bc5 4. d3 d6 5. Rf1 Nf6 6. Ng5 O-O 7. Nf3 Bg4 8. Bg5
h6 9. Bxf6 Qxf6 10. Nc3 Bxf3 11. Qxf3 Qxf3 12. gxf3 Nd4 13. O-O-O Nxf3 14. Rh1
Nd4 15. Rhg1 c6 16. Rde1 b5 17. Bb3 Bb4 18. a3 Ba5 19. Ba2 Nf3 20. Ref1 Nxg1
21. Rxg1 Bxc3 22. bxc3 c5 23. Bd5 Rab8 24. c4 b4 25. a4 b3 26. Kb2 bxc2+ 27.
Kxc2 Rb4 28. Kc3 Rxa4 29. Kb3 Ra6 30. Bb7 Rb6+ 31. Kc3 Rxb7 32. Kd2 Rb6 33. Kc3
a5 34. Ra1 Ra8 35. Kd2 a4 36. Kc2 a3 37. Kd2 a2 38. Ke3 Rb1 39. Rxb1 axb1=Q 40.
f4 exf4+ 41. Kxf4 Qxd3 42. h4 Qxc4 43. h5 Qb5 44. e5 d5 45. Ke3 c4 46. Kd4 Qb6+
47. Kxd5 c3 48. Ke4 c2 49. Kd3 c1=Q 50. Ke4 Qe1+ 51. Kd3 Qbe3+ 52. Kc4 Q1c3+
53. Kb5 Ra5# 0-1

[Event "ONJK 2018 FGH 2"]
[Site "Borne, Netherlands"]
[Date "2018.08.11"]
[Round "8.7"]
[White "Westerhof, Fleur"]
[Black "Fallaux, Storm"]
[Result "0-1"]
[WhiteElo "455"]
[BlackElo "902"]
[PlyCount "124"]
[EventDate "2018.??.??"]

1. e4 e5 2. Nf3 Nc6 3. Bc4 Bc5 4. Nc3 d6 5. d3 Bg4 6. h3 Bh5 7. O-O Nd4 8. Nd5
Bxf3 9. gxf3 c6 10. Nc3 h6 11. f4 Nf6 12. fxe5 dxe5 13. Be3 O-O 14. Bxd4 Bxd4
15. Ne2 c5 16. c3 Bxf2+ 17. Rxf2 Nd7 18. Qb3 b6 19. Bxf7+ Kh8 20. Bd5 Rxf2 21.
Kxf2 Qf8+ 22. Ke1 Rd8 23. Qa4 a5 24. Kd2 Qe7 25. Rf1 Qg5+ 26. Kc2 Qg2 27. Re1
Qxh3 28. Ng1 Qg3 29. Rf1 Qg2+ 30. Kb3 Qxf1 31. Bc6 Qd1+ 32. Kc4 Qxa4+ 33. Bxa4
Nf6 34. Kb5 Rxd3 35. Bc2 Rd2 36. Bb3 Rxb2 37. Kxb6 c4 38. Kxa5 cxb3 39. axb3
Rxb3 40. Ne2 Nxe4 41. c4 Ra3+ 42. Kb5 Re3 43. Nc1 Nd6+ 44. Kc5 Rc3 45. Kxd6
Rxc1 46. c5 e4 47. c6 Rxc6+ 48. Kxc6 e3 49. Kd5 e2 50. Ke4 e1=Q+ 51. Kf5 Kg8
52. Kf4 Kf7 53. Kf3 g5 54. Kg4 Qf1 55. Kh5 Qg1 56. Kxh6 g4 57. Kh5 g3 58. Kh4
Kf6 59. Kh3 Kf5 60. Kh4 g2 61. Kh3 Kf4 62. Kh4 Qh2# 0-1

[Event "ONJK 2018 FGH 2"]
[Site "Borne, Netherlands"]
[Date "2018.08.11"]
[Round "9.6"]
[White "Jorritsma, Eli Alia"]
[Black "Strauch, Julian"]
[Result "0-1"]
[WhiteElo "663"]
[BlackElo "953"]
[PlyCount "60"]
[EventDate "2018.??.??"]

1. e4 e5 2. Bc4 Bc5 3. Nc3 Nf6 4. Nf3 d6 5. d3 Nc6 6. Bg5 Bg4 7. Nd5 Nd4 8.
Nxf6+ gxf6 9. Bd2 Nxf3+ 10. gxf3 Bh5 11. Rg1 Qe7 12. Qe2 O-O-O 13. O-O-O Rhg8
14. f4 Bxe2 15. Rde1 Bxf2 16. Rxe2 Bxg1 17. f5 Bd4 18. Kb1 Rg1+ 19. Be1 Qd7 20.
a3 Rf8 21. Ka2 Qc6 22. c3 b5 23. Bb3 Bc5 24. Bh4 Qa6 25. c4 b4 26. Be1 bxa3 27.
bxa3 Qxa3+ 28. Kb1 Bd4 29. Ba2 Qxd3+ 30. Rc2 Rxe1# 0-1